| 000 | 01348nam a2200205 a 4500 | ||
|---|---|---|---|
| 005 | 20210223133255.0 | ||
| 008 | 170511s1988 mx r 000 0 spa d | ||
| 035 | _aUPN01000217654 | ||
| 049 | _aAV | ||
| 099 | _aPVI PN 1375 | ||
| 100 | 1 |
_aThompson, Ernest, _d1949- _940464 |
|
| 245 | 1 | 0 |
_a1969 / _cdir. Ernest Thompson. |
| 260 |
_aEstados Unidos : _bAtlantic Productions, _c1988. |
||
| 300 |
_a1 videocasete (VHS) (101 min) : _bson., col. |
||
| 511 | 1 | _aRobert Downey Jr., Kiefer Sutherland, Bruce Dern, Mariette Hartley, Winona Ryder, Joanna Cassidy, Christopher Wynne, Keller Kuhn, Steve Foster, Mert Hatfield, Welton Tootle, Don Devendorf | |
| 520 | _aDos amigos, Scott y Ralph, se gradúan en 1967 en un instituto de una pequeña localidad estadounidense y acuden a la universidad dispuestos a cosechar aventuras amorosas y a dar esquinazo a la caja de reclutas. Pero Ralph es expulsado y corre el riesgo de tener que incorporarse a las fuerzas armadas de su país. Cuando los dos amigos toman medidas drásticas -y, naturalmente, ilegales- para garantizar la libertad de Ralph, desencadenan una serie de acontecimientos que cambiarán para siempre sus vidas y su amistad, así como las ideas sobre la guerra de toda una ciudad. | ||
| 650 | 4 |
_aAMISTAD EN PELICULAS CINEMATOGRAFICAS _94318 |
|
| 905 | _aAudiovisuales | ||
| 999 |
_c189754 _d189754 |
||